Detalles MARC
| 000 -CABECERA |
| Longitud fija campo de control |
02662nam a2200469 c 4500 |
| 001 - NÚMERO DE CONTROL |
| Número de control |
53086 |
| 003 - IDENTIFICADOR DE NÚMERO DE CONTROL |
| Identificador del número de control |
ES-MaCES |
| 005 - FECHA Y HORA DE LA ÚLTIMA TRANSACCIÓN |
| Fecha y hora de la última transacción |
20250203133002.0 |
| 007 - PHYSICAL DESCRIPTION FIXED FIELD--GENERAL INFORMAT |
| Campo fijo de descripción física |
cr ||||||||||| |
| 008 - CAMPO FIJO DE DESCRIPCIÓN FIJA--INFORMACIÓN GENERAL |
| Códigos de información de longitud fija |
240227s2023 sp | |||| 000 0 eng |
| 017 ## - NÚMERO DE REGISTRO DE DERECHOS DE AUTOR Y DEPÓSITO LEGAL |
| Número de copyright o de depósito legal |
C 1900-2023 |
| Agencia que asigna el número |
DL |
| 020 ## - ISBN (INTERNATIONAL STANDARD BOOK NUMBER) |
| Número Internacional Normalizado para Libros (ISBN) |
9788411942195 |
| 040 ## - FUENTE DE CATALOGACIÓN |
| Centro catalogador de origen |
ES-MaCES |
| Lengua de catalogación |
spa |
| Centro transcriptor |
ES-MaCES |
| 100 1# - ENCABEZAMIENTO PRINCIPAL--NOMBRE PERSONAL |
| 9 (RLIN) |
40952 |
| Nombre de persona |
Sánchez Gómez, Manuela |
| 245 13 - MENCIÓN DE TÍTULO |
| Título |
An ever-closer Union? |
| Resto del título |
: towards a comprehensive approach of the European disintegration process |
| Mención de responsabilidad, etc. |
Manuela Sánchez Gómez |
| 260 ## - PUBLICACIÓN, DISTRIBUCIÓN, ETC (PIE DE IMPRENTA) |
| Lugar de publicación, distribución, etc. |
A Coruña |
| Nombre del editor, distribuidor, etc. |
Colex |
| Fecha de publicación, distribución, etc. |
2023 |
| 300 ## - DESCRIPCIÓN FÍSICA |
| Extensión |
256 p. |
| Dimensiones |
24 cm |
| 500 ## - NOTA GENERAL |
| Nota general |
Publicación en formato DÚO (papel + libro ectrónico). Disponible en formato electrónico en COLEX Online |
| 504 ## - NOTA DE BIBLIOGRAFÍA, ETC. |
| Nota de bibliografía, etc. |
Bibliografía y documentación: p. 215-256 |
| 520 3# - RESUMEN, ETC. |
| Sumario, etc, |
La UE fue creada con el objetivo de promover una unión cada vez más estrecha entre los pueblos de Europa. Durante décadas, el proyecto europeo se ha ido consolidando en la medida que nuevos países se han incorporado a la UE y sus áreas de gobernanza supranacional han ido aumentando paulatinamente. En el periodo comprendido entre 2010 y 2020, el contexto cambió drásticamente. En ese período ha habido crisis diferentes a todas las anteriores que han puesto en peligro el proceso de integración europea. A pesar de décadas de investigación en el campo de la integración europea, en el momento de escribir este libro, los estudios académicos que evalúen la desintegración europea son profundamente escasos. Esta investigación aborda, desde la perspectiva del derecho internacional público, las consecuencias de la crisis de la eurozona, la crisis migratoria, el Brexit y la guerra en Ucrania para arrojar luz sobre si ha habido signos de desintegración europea y proporcionar a los lectores un conjunto de explicaciones. factores que muestran resultados diferentes para cada crisis.<br/> |
| 541 0# - NOTA DE LA FUENTE INMEDIANTE DE ADQUISICIÓN |
| Forma de adquisición |
Compra |
| 650 #4 - ASIENTO SECUNDARIO DE MATERIA--TÉRMINO DE MATERIA |
| Término de materia o nombre geográfico como elemento inicial |
política comunitaria |
| 9 (RLIN) |
30776 |
| 650 #4 - ASIENTO SECUNDARIO DE MATERIA--TÉRMINO DE MATERIA |
| Término de materia o nombre geográfico como elemento inicial |
derecho comunitario |
| 9 (RLIN) |
29866 |
| 650 #4 - ASIENTO SECUNDARIO DE MATERIA--TÉRMINO DE MATERIA |
| Término de materia o nombre geográfico como elemento inicial |
UEM |
| 9 (RLIN) |
30760 |
| 650 #4 - ASIENTO SECUNDARIO DE MATERIA--TÉRMINO DE MATERIA |
| Término de materia o nombre geográfico como elemento inicial |
crisis económica |
| 9 (RLIN) |
27102 |
| 650 #4 - ASIENTO SECUNDARIO DE MATERIA--TÉRMINO DE MATERIA |
| Término de materia o nombre geográfico como elemento inicial |
desarrollo institucional |
| 9 (RLIN) |
29802 |
| 650 #4 - ASIENTO SECUNDARIO DE MATERIA--TÉRMINO DE MATERIA |
| Término de materia o nombre geográfico como elemento inicial |
adhesión de miembros |
| 9 (RLIN) |
30972 |
| 650 #4 - ASIENTO SECUNDARIO DE MATERIA--TÉRMINO DE MATERIA |
| Término de materia o nombre geográfico como elemento inicial |
problema político |
| 9 (RLIN) |
27244 |
| 650 #4 - ASIENTO SECUNDARIO DE MATERIA--TÉRMINO DE MATERIA |
| Término de materia o nombre geográfico como elemento inicial |
política migratoria |
| 9 (RLIN) |
29183 |
| 650 #4 - ASIENTO SECUNDARIO DE MATERIA--TÉRMINO DE MATERIA |
| Término de materia o nombre geográfico como elemento inicial |
Brexit |
| 9 (RLIN) |
39945 |
| 650 #4 - ASIENTO SECUNDARIO DE MATERIA--TÉRMINO DE MATERIA |
| Término de materia o nombre geográfico como elemento inicial |
guerra |
| 9 (RLIN) |
26699 |
| 650 #4 - ASIENTO SECUNDARIO DE MATERIA--TÉRMINO DE MATERIA |
| Término de materia o nombre geográfico como elemento inicial |
Ucrania |
| 9 (RLIN) |
30497 |
| 650 #4 - ASIENTO SECUNDARIO DE MATERIA--TÉRMINO DE MATERIA |
| Término de materia o nombre geográfico como elemento inicial |
evaluación del impacto |
| 9 (RLIN) |
30732 |
| 650 #4 - ASIENTO SECUNDARIO DE MATERIA--TÉRMINO DE MATERIA |
| Término de materia o nombre geográfico como elemento inicial |
UE |
| 9 (RLIN) |
26752 |
| 650 #4 - ASIENTO SECUNDARIO DE MATERIA--TÉRMINO DE MATERIA |
| Término de materia o nombre geográfico como elemento inicial |
integración política |
| 9 (RLIN) |
29381 |
| 650 #4 - ASIENTO SECUNDARIO DE MATERIA--TÉRMINO DE MATERIA |
| Término de materia o nombre geográfico como elemento inicial |
desarrollo político |
| 9 (RLIN) |
29225 |
| 650 #4 - ASIENTO SECUNDARIO DE MATERIA--TÉRMINO DE MATERIA |
| Término de materia o nombre geográfico como elemento inicial |
2010-2020 |
| 9 (RLIN) |
31971 |
| 653 ## - TÉRMINO DE INDEXACIÓN--NO CONTROLADO |
| Término no controlado |
Ciencias Sociales-Políticas |
| 856 4# - ACCESO ELECTRÓNICO |
| Identificador Uniforme del Recurso (URI) |
https://www.colex.es |
| Nota pública |
COLEX |
| 902 ## - CES. TIPO DE DOCUMENTO |
| Tipodoc (006$c Sirtex) |
LIB Libro |
| 942 ## - ELEMENTOS KOHA |
| Fuente de clasificaión o esquema |
Clasificación propia del CES |
| Koha [por defecto] tipo de item |
Monografías |
| Parte de clasificación |
Ciencias Sociales Politicas Empresariale |